Designing and Managing the supply Chain (Record no. 1960)

MARC details
000 -LEADER
fixed length control field 00440nam a22001697a 4500
005 - DATE AND TIME OF LATEST TRANSACTION
control field 20211007150123.0
008 - FIXED-LENGTH DATA ELEMENTS--GENERAL INFORMATION
fixed length control field 160527b xxu||||| |||| 00| 0 eng d
020 ## - INTERNATIONAL STANDARD BOOK NUMBER
ISBN 0-07-058666-7
041 ## - LANGUAGE CODE
Language code of text/sound track or separate title eng
082 ## - DEWEY DECIMAL CLASSIFICATION NUMBER
Item number 5513
100 ## - MAIN ENTRY--AUTHOR NAME
Personal name Semichi-levi David and others.
245 ## - TITLE STATEMENT
Title Designing and Managing the supply Chain
260 ## - PUBLICATION, DISTRIBUTION, ETC. (IMPRINT)
Place of publication New Delhi
Name of publisher Academic Faundation
Year of publication 2003
300 ## - PHYSICAL DESCRIPTION
Number of Pages 341
650 ## - SUBJECT ADDED ENTRY--TOPICAL TERM
Topical Term Management
942 ## - ADDED ENTRY ELEMENTS (KOHA)
Koha item type Books
Holdings
Lost status Damaged status Collection code Home library Current library Shelving location Date acquired Cost, normal purchase price Full call number Accession Number Koha item type
    Reference JRU Library JRU Library SHELF-28-E 27/05/2016 325.00 5513 5513 Books
    MANAGEMENT JRU Library   SHELF- 66 N 27/05/2016 325.00 5513 5514 Books
    MANAGEMENT JRU Library   SHELF- 66 N 27/05/2016 325.00 5513 5515 Books
    MANAGEMENT JRU Library JRU Library SHELF- 66 N 27/05/2016 325.00 5513 5516 Books
    MANAGEMENT JRU Library JRU Library SHELF- 66 N 27/05/2016 325.00 5513 5517 Books